| 000 | 00823nam a2200205Ia 4500 | ||
|---|---|---|---|
| 001 | 15158 | ||
| 003 | GE_BSU | ||
| 008 | 181216s||||||||xx |||||||||||||| ||und|| | ||
| 020 | _a9789941064401 | ||
| 040 | _cGE_BSU | ||
| 080 | _a94(479.22)’’1921.02’’ | ||
| 100 | _aმაცაბერიძე,მალხაზ | ||
| 245 | _aსხვა 25 თებერვალი:სამი გაზეთი თავისუფალი საქართველოსთვის | ||
| 245 | _cრედ.ლევან ნათაძე | ||
| 260 | _aთბილისი | ||
| 260 | _c2014 | ||
| 300 | _a100გვ.20სმ. | ||
| 653 | _aსხვა 25 თებერვალი:სამი გაზეთი თავისუფალი საქართველოსთვის | ||
| 942 | _cBK | ||
| 999 |
_c48273 _d48273 |
||